Countries That Start and End With the Same Letter - Statistics

General Stats
  • This quiz has been taken 579 times
  • The average score is 11 of 14
Answer Stats
Continent Letter Answer % Correct
Oceania A Australia
91%
South America A Argentina
86%
Europe A Albania
85%
Africa A Algeria
82%
Europe A Andorra
82%
Africa A Angola
82%
Asia A Armenia
82%
Europe A Austria
82%
North America A Antigua and Barbuda
75%
North America S Saint Kitts and Nevis
68%
Oceania S Solomon Islands
67%
Africa S Seychelles
65%
North America S Saint Vincent and the Grenadines
62%
Africa C Central African Republic
51%
No matching quizzes found
Score Distribution
Percent of People with Each Score
Percentile by Number Answered
Your Score History
You have not taken this quiz